000 00546nam a2200217 4500
001 778453
005 20180202043729.0
008 730517s1973 nyua 000 0 eng
010 _a 73001205
020 _a0671215620
040 _aDLC
_cDLC
_dDLC
041 _aeng
080 _a635 jer
082 0 0 _a635 jer
100 1 _a9
101 _amje
245 1 0 _aMake friends with your vegetable garden.
_cDesigned and edited by Charles Cook.
350 _a$1.95
906 _a7
_bcbc
_corignew
_d2
_eocip
_f19
_gy-gencatlg
942 _2ddc
_cBK
999 _c41605
_d41605